00760nam a2200169Ia 4500001001100000003000500011008004100016010001100057040000900068100004200077245022000119260003400339300002200373502010500395700004000500710005000540Para_10404CHAP220125sJuni xx 000 0 und d a209168 cCHAP aIslas Hernández, Xochitl Angélica aAplicación de Insecticidas e insectos asociados a Dendroctonus frontalis en el Ejido de Tlaxco, Hidalgo /c Xochitl Angélica Islas Hernández y Wendi Yuremith Solís Santana; Director Rodolfo Campos Bolaños aChapingo, Méx. :b el autor a1 CDS ROM (45 p.) aTesis (Ing. Agr. Esp. en Parasitología Agrícola). UACh. Departamento Parasitología Agrícola aCampos Bolaños, Rodolfo. Director aUACh Departamento Parasitología Agrícola